000 00408nam a2200181Ia 4500
001 1310
005 20260306143719.0
008 260306t1968||||xx |||||||||||||| ||spa||
041 _aESP
082 _a193
_bM26A
100 _aMarcuse, Herbert
_eAUT
245 0 _aCultura y sociedad
260 _c1968
300 _a126 páginas :
_c20 cm.
650 _aGEN
654 _aCHU
942 _cLIB
_dJUS
_fJUS
_2ddc
_n
999 _c1310
_d1310